00642naa a2200241 a 450000100080000000500110000800800410001910000190006024500990007926000090017865000180018765000120020565300160021765300130023365300130024665300120025965300120027165300090028365300250029265300110031770000170032877300550034515999931995-06-27 1977 bl --- 0-- u #d1 aREYNAUD, P. A. aMilieux selectifs pour la numeration des algues eucaryotes, procaryotes et fixatrices d'azote. c1977 aCyanobacteria aMétodo aCianoficeia aContagem aCounting aCultura aCulture aMeio aMICRORGANISMO-VARIOS aMiddle1 aROGER, P. A. tRev. Ecol. Biol. Sol.gv.14, n.3, p.421-428, 1977.